Poesía de ida y vuelta (Record no. 183786)
[ view plain ]
| 000 -LEADER | |
|---|---|
| campo de control de longitud fija | 01035nam a2200241 i 4500 |
| 001 - NÚMERO DE CONTROL | |
| campo de control | 183786 |
| 003 - IDENTIFICADOR DE NÚMERO DE CONTROL | |
| campo de control | ES-MaACL |
| 005 - FECHA Y HORA DE LA ÚLTIMA TRANSACCIÓN | |
| campo de control | 20240212140253.0 |
| 008 - DATOS DE LONGITUD FIJA--INFORMACIÓN GENERAL | |
| campo de control de longitud fija | 141014s2013 ag |||| | spa d |
| 080 ## - NÚMERO DE LA CLASIFICACIÓN DECIMAL UNIVERSAL | |
| Número de la Clasificación Decimal Universal | 821.134.2(82)-1"19" |
| 080 ## - NÚMERO DE LA CLASIFICACIÓN DECIMAL UNIVERSAL | |
| Número de la Clasificación Decimal Universal | 821.134.2-1"19" |
| 245 00 - MENCIÓN DEL TÍTULO | |
| Título | Poesía de ida y vuelta |
| Resto del título | : Argentina - España. |
| 260 ## - PUBLICACIÓN, DISTRIBUCIÓN, ETC. | |
| Lugar de publicación, distribución, etc. | [Buenos Aires] : |
| Nombre del editor, distribuidor, etc. | Prosa Amerian, |
| Fecha de publicación, distribución, etc. | [2013] |
| 300 ## - DESCRIPCIÓN FÍSICA | |
| Extensión | 94 p. ; |
| Dimensiones | 23 cm. |
| 490 1# - MENCIÓN DE SERIE | |
| Mención de serie | Prosa y poesía |
| 505 8# - NOTA DE CONTENIDO CON FORMATO | |
| Nota de contenido con formato | Roberto Alifano. Alfonso Brezmes. Ester de Izaguirre. Luis Alberto de Cuenca. Manuel Luis Martí. Almudena Guzmán. Antonio Requeni. Jon Juaristi. Alejandro Guillermo Roemmers. Enrique Andrés Ruiz. Osvaldo Tamborra. Milagros Salvador. Diego Valverde Villena. Alejandro Vaccaro. Carlos María Romero Sosa |
| 650 #7 - PUNTO DE ACCESO ADICIONAL DE MATERIA--TÉRMINO DE MATERIA | |
| Término de materia o nombre geográfico como elemento de entrada | Poesía argentina- |
| Subdivisión cronológica | S. XX |
| Fuente del encabezamiento o término | |
| 9 (RLIN) | 154637 |
| 650 #4 - PUNTO DE ACCESO ADICIONAL DE MATERIA--TÉRMINO DE MATERIA | |
| Término de materia o nombre geográfico como elemento de entrada | Poesías españolas- |
| Subdivisión cronológica | S.XX. |
| 9 (RLIN) | 16221 |
| 830 0# - PUNTO DE ACCESO ADICIONAL DE SERIE-TÍTULO UNIFORME | |
| Título uniforme | Prosa y poesía |
| 9 (RLIN) | 225017 |
| 852 ## - LOCALIZACIÓN | |
| Ubicación | ES-MaACL |
| Número de control de estantería | A-13274 |
| itemnumber | 190737 |
| Sublocalización o colección | R.149971 |
| Ubicación en estantería | Depósito 1 |
| Signatura antigua | Olim: N-6274 |
| 942 ## - ELEMENTOS DE ENTRADA SECUNDARIOS (KOHA) | |
| Fuente del sistema de clasificación o colocación | Clasificación decimal universal |
| Tipo de ítem Koha | Libro impreso |
| Estatus retirado | Estado de pérdida | Fuente del sistema de clasificación o colocación | Estado de daño | No para préstamo | Biblioteca de origen | Biblioteca actual | Ubicación en estantería | Fecha de adquisición | Fuente de adquisición | Total de préstamos | Signatura topográfica completa | Código de barras | Visto por última vez | Precio de reemplazo | Tipo de ítem Koha |
|---|---|---|---|---|---|---|---|---|---|---|---|---|---|---|---|
| Clasificación decimal universal | Biblioteca del Ateneo de Madrid | Biblioteca del Ateneo de Madrid | Depósito 1 | 14/10/2014 | Donación | A-13274 | 1193232 | 23/02/2023 | 23/02/2023 | Libro impreso |
